Normal view
MARC view
- VISUAL BASIC
Entry Topical Term
001 - CONTROL NUMBER
- control field: 57968
003 - CONTROL NUMBER IDENTIFIER
- control field: NUST
005 - DATE AND TIME OF LATEST TRANSACTION
- control field: 20210628202029.0
008 - FIXED-LENGTH DATA ELEMENTS
- fixed length control field: 210628|| aca||aabn | a|a d
040 ## - CATALOGING SOURCE
- Original cataloging agency: NUST
- Transcribing agency: NUST
150 ## - HEADING--TOPICAL TERM
- Topical term or geographic name entry element: VISUAL BASIC
670 ## - SOURCE DATA FOUND
- Source citation: Work cat.: (NUST): Gottfried, Byron S 14094, Theory and problems of programming with visual basic, 2002
